Online
Catalog

La cooperación de la Unión Europea con la República Dominicana: (Record no. 52886)

MARC details
000 -CABECERA
campo de control de longitud fija 01307nam a2200289 a 4500
003 - IDENTIFICADOR DEL NÚMERO DE CONTROL
campo de control DO-SdBNP
005 - FECHA Y HORA DE LA ÚLTIMA TRANSACCIÓN
campo de control 20240527202356.0
007 - CAMPO FIJO DE DESCRIPCIÓN FÍSICA--INFORMACIÓN GENERAL
campo de control de longitud fija ta
008 - DATOS DE LONGITUD FIJA--INFORMACIÓN GENERAL
campo de control de longitud fija 221110e2017 dr ad||fr|||| 001 edspa d
020 ## - NÚMERO INTERNACIONAL ESTÁNDAR DEL LIBRO
Número Internacional Estándar del Libro 9789945451047
040 ## - FUENTE DE LA CATALOGACIÓN
Centro catalogador/agencia de origen DO-SdBNP
Lengua de catalogación spa
Centro/agencia transcriptor BNPHU
082 #4 - NÚMERO DE LA CLASIFICACIÓN DECIMAL DEWEY
Número de edición 22
Número de documento/Ítem S939c
100 1# - ENTRADA PRINCIPAL--NOMBRE DE PERSONA
9 (RLIN) 80493
Nombre de persona Suárez Mieses, Alfredo,
Fechas asociadas al nombre 1979-
245 ## - MENCIÓN DE TÍTULO
Título La cooperación de la Unión Europea con la República Dominicana:
Resto del título competitividad y desarrollo sostenible
Mención de responsabilidad, etc. Alfredo Suárez Mieses; Editor, Jesús R. Navarro Zerpa.
260 ## - PUBLICACIÓN, DISTRIBUCIÓN, ETC.
Lugar de publicación, distribución, etc. Santo Domingo :
Nombre del editor, distribuidor, etc. Ministerio de Relaciones Exteriores,
Fecha de publicación, distribución, etc. 2017
300 ## - DESCRIPCIÓN FÍSICA
Extensión 614 p. :
Otras características físicas il., gráf. ;
Dimensiones 23 cm.
490 ## - MENCIÓN DE SERIE
Mención de serie MIREX-INESDYC,
Designación de volumen o secuencia 1
500 ## - NOTA GENERAL
Nota general Incluye biografía del autor en las cubiertas de las portadas.
590 ## - NOTA LOCAL (RLIN)
Nota local Inventariado 2022 / MF
650 #0 - PUNTO DE ACCESO ADICIONAL DE MATERIA--TÉRMINO DE MATERIA
Término de materia o nombre geográfico como elemento de entrada Relaciones económicas internacionales
Subdivisión de forma Ensayo, Conferencias, etc.
Subdivisión general República Dominicana
9 (RLIN) 1067
650 #0 - PUNTO DE ACCESO ADICIONAL DE MATERIA--TÉRMINO DE MATERIA
9 (RLIN) 9357
Término de materia o nombre geográfico como elemento de entrada Desarrollo Sostenible
Subdivisión de forma Ensayo, Conferencias, etc.
Subdivisión geográfica República Dominicana
650 #0 - PUNTO DE ACCESO ADICIONAL DE MATERIA--TÉRMINO DE MATERIA
9 (RLIN) 77648
Término de materia o nombre geográfico como elemento de entrada Cooperación internacional.
Subdivisión de forma Ensayo, Conferencias, etc.
Subdivisión geográfica República Dominicana
650 #4 - PUNTO DE ACCESO ADICIONAL DE MATERIA--TÉRMINO DE MATERIA
9 (RLIN) 12362
Término de materia o nombre geográfico como elemento de entrada Relaciones Internacionales
Subdivisión geográfica República Dominicana
651 #4 - PUNTO DE ACCESO ADICIONAL DE MATERIA--NOMBRE GEOGRÁFICO
Nombre geográfico República Dominicana
Subdivisión de forma Ensayo, Conferencias, etc.
Subdivisión general Relaciones Exteriores
9 (RLIN) 82795
910 ## - DATOS DE OPCIÓN DEL USUARIO (OCLC)
Datos de opción del usuario MFeliz
942 ## - ELEMENTOS DE PUNTO DE ACCESO ADICIONAL (KOHA)
Fuente del sistema de clasificación o colocación Dewey Decimal Classification
Tipo de ítem Koha Libro
Holdings
Estado de retiro Estado de pérdida Fuente del sistema de clasificación o colocación Restricciones de uso No para préstamo Código de colección Localización permanente Ubicación/localización actual Fecha de adquisición Total de préstamos Signatura topográfica completa Código de barras Fecha visto por última vez Precio válido a partir de Tipo de ítem Koha Ubicación en estantería Fuente de adquisición
    Dewey Decimal Classification Excluido de préstamo   Patrimonio Dominicano Biblioteca Nacional Pedro Henríquez Ureña Biblioteca Nacional Pedro Henríquez Ureña 10.11.2022   S939c 2022-5205 10.11.2022 10.11.2022 Libro    
    Dewey Decimal Classification Excluido de préstamo   Patrimonio Dominicano Biblioteca Nacional Pedro Henríquez Ureña Biblioteca Nacional Pedro Henríquez Ureña     S939c 31161-10 11.11.2022 11.11.2022 Libro En catalogación Donado por amigo del Hogar

Powered by Koha